[Event "AUTO-BEG-585"]
[Site "http://www.queenalice.com/game.php?id=1219015"]
[Date "2013.9.22"]
[Round "2"]
[White "Ruckus"]
[Black "GastonLagaffe"]
[Result "0-1"]
[WhiteElo "1553"]
[BlackElo "1626"]

1. d4 d5 2. Nc3 Nf6 3. Nf3 Ne4 4. e3 c5 5. Bd3 cxd4 6. Nxd4 Nxc3 7. bxc3 e5 8.
Nb3 e4 9. Be2 Qg5 10. c4 Qxg2 11. Rf1 Qxh2 12. Qxd5 Qg2 13. Bb2 Nc6 0-1

[Event "AUTO-BEG-585"]
[Site "http://www.queenalice.com/game.php?id=1219016"]
[Date "2013.9.22"]
[Round "2"]
[White "GastonLagaffe"]
[Black "Ruckus"]
[Result "1-0"]
[WhiteElo "1612"]
[BlackElo "1567"]

1. d4 d5 2. Nc3 Nc6 3. Nf3 Nf6 4. Bf4 Bf5 5. Nh4 Qd7 6. Bxc7 Bxc2 7. Qxc2 Nb4 8.
Qb3 Qxc7 9. Qxb4 e5 10. Qa4+ Nd7 11. Nxd5 Qd8 12. dxe5 1-0

[Event "AUTO-INT-2806"]
[Site "http://www.queenalice.com/game.php?id=1256379"]
[Date "2014.2.14"]
[Round "1"]
[White "kadu10"]
[Black "Ruckus"]
[Result "1-0"]
[WhiteElo "1706"]
[BlackElo "1472"]

1. e4 c5 2. Nc3 Nc6 3. d3 Nf6 4. Be2 g6 5. f4 d6 6. Nf3 Bg7 7. O-O O-O 8. Nd5 b6
9. a3 e6 10. Nxf6+ Bxf6 11. Rb1 d5 12. e5 Bg7 13. b3 Bb7 14. d4 Qe7 15. Bd2 cxd4
16. Nxd4 Qxa3 17. c3 Qe7 18. Be3 f6 19. exf6 Bxf6 20. Bb5 Rac8 21. Nxc6 Bxc6 22.
Bxc6 Rxc6 23. Bd4 e5 24. fxe5 Bxe5 25. Re1 Re6 26. Rxe5 1-0

[Event "AUTO-INT-2806"]
[Site "http://www.queenalice.com/game.php?id=1256380"]
[Date "2014.2.14"]
[Round "1"]
[White "Ruckus"]
[Black "kadu10"]
[Result "0-1"]
[WhiteElo "1479"]
[BlackElo "1699"]

1. e4 e5 2. f4 exf4 3. Nf3 d6 4. d4 c6 5. Be2 g5 6. h4 f6 7. O-O h6 8. Nc3 Bg7
9. d5 Ne7 10. h5 Bg4 11. Nd4 Bxe2 12. Qxe2 Qd7 13. Ne6 Rg8 14. b3 Na6 15. Bb2
Nc7 16. Qg4 f5 17. exf5 Ncxd5 18. Nxg7+ Rxg7 19. Nxd5 Nxd5 20. Bxg7 Ne3 21. Qe2
Qxg7 22. Rae1 O-O-O 23. Rf3 Re8 24. Qd3 d5 25. g3 Qf7 0-1

[Event "AUTO-INT-2806"]
[Site "http://www.queenalice.com/game.php?id=1256391"]
[Date "2014.2.14"]
[Round "1"]
[White "kanibal"]
[Black "Ruckus"]
[Result "0-1"]
[WhiteElo "1673"]
[BlackElo "1465"]

1. e4 c5 2. Nc3 Nc6 3. Bb5 d6 4. Bxc6+ bxc6 5. d3 Nf6 6. Nf3 g6 7. O-O Bg7 8.
Bg5 Ba6 9. Qe2 d5 10. exd5 cxd5 11. Na4 Qd6 12. b3 Ne4 13. Rac1 O-O 14. Qd2 Nxd2
15. Rfe1 Nxf3+ 16. gxf3 e6 17. c4 dxc4 18. dxc4 Rac8 19. Rcd1 Qc6 20. Re3 Bxc4
21. Kg2 Bb5 22. Be7 Rfe8 23. Bd6 Red8 24. h3 Rxd6 25. Rxd6 Qxd6 26. Nc3 Bxc3 27.
Rxc3 Bc6 28. a3 Qd2 29. Rxc5 Bxf3+ 30. Kxf3 Rxc5 31. b4 Qd5+ 32. Kg3 Rc3+ 33.
Kf4 Qf5# 0-1

[Event "AUTO-INT-2806"]
[Site "http://www.queenalice.com/game.php?id=1256392"]
[Date "2014.2.14"]
[Round "1"]
[White "Ruckus"]
[Black "kanibal"]
[Result "0-1"]
[WhiteElo "1489"]
[BlackElo "1589"]

1. e4 e5 2. f4 exf4 3. Nf3 d6 4. d4 Bg4 5. Bxf4 Be7 6. Be2 Nf6 7. e5 dxe5 8.
Bxe5 O-O 9. O-O Ne4 10. Nbd2 Nxd2 11. Qxd2 Nc6 12. c3 Bxf3 13. Bxf3 h6 14. Qf4
Bg5 15. Qe4 Nxe5 16. Qxe5 Re8 17. Qb5 Rb8 18. Rae1 Rxe1 19. Rxe1 c6 20. Qd3 Qd6
21. Bd1 Bh4 22. Re2 Bg5 23. Bc2 g6 24. Bb3 c5 25. Qc4 Rf8 26. Qb5 b6 27. Re8 Qf4
28. Rxf8+ Kxf8 29. Qe2 Qc1+ 30. Kf2 Qf4+ 31. Qf3 Qd2+ 32. Kg3 Qe1+ 33. Kg4 Qe7
34. g3 Qd7+ 0-1

[Event "AUTO-INT-2806"]
[Site "http://www.queenalice.com/game.php?id=1256397"]
[Date "2014.2.14"]
[Round "1"]
[White "dladuke7"]
[Black "Ruckus"]
[Result "0-1"]
[WhiteElo "1622"]
[BlackElo "1456"]

1. e4 c5 2. d4 cxd4 3. Qxd4 Nc6 4. Qd1 Nf6 5. Nc3 e5 6. Nf3 Bb4 7. Bd2 d5 8.
Nxd5 Nxd5 9. exd5 Qxd5 10. Bxb4 Nxb4 11. Qxd5 Nxd5 12. Nxe5 O-O 13. Bc4 Re8 14.
O-O Rxe5 15. Rfe1 Rxe1+ 16. Rxe1 Be6 17. Bxd5 Bxd5 18. b3 Rd8 19. c4 Be6 20. f4
Rd2 21. a4 g6 22. g3 Rc2 23. Rd1 Rc3 24. Rd8+ Kg7 25. Ra8 Rxb3 26. Rxa7 Bxc4 27.
a5 Ra3 28. Kf2 Kf6 29. h4 h6 30. Rxb7 Rxa5 31. Rb6+ Kf5 32. h5 Be6 33. hxg6 fxg6
34. Kf3 Bd5+ 35. Ke3 h5 36. Rd6 Be6 37. Kf3 Ra3+ 38. Kg2 Bc4 39. Rd4 Rc3 40. Kf2
g5 41. Rd8 gxf4 42. Rf8+ Kg4 43. gxf4 Rf3+ 44. Kg2 Rxf4 45. Re8 h4 46. Re7 h3+
47. Kh2 Rf2+ 48. Kg1 Rg2+ 49. Kh1 Bd5 50. Rg7+ Kf4 51. Rxg2 hxg2+ 52. Kg1 Kf3
0-1

[Event "AUTO-INT-2806"]
[Site "http://www.queenalice.com/game.php?id=1256398"]
[Date "2014.2.14"]
[Round "1"]
[White "Ruckus"]
[Black "dladuke7"]
[Result "1-0"]
[WhiteElo "1430"]
[BlackElo "1685"]

1. e4 e5 2. f4 exf4 3. Nf3 d6 4. d4 Bg4 5. Bxf4 Ne7 6. Be2 Ng6 7. Bg3 Be7 8. O-O
O-O 9. Nc3 Nc6 10. Nd5 Bxf3 11. Bxf3 Re8 12. c3 Na5 13. Bh5 c6 14. Qf3 Nc4 15.
Qxf7+ Kh8 16. Nxe7 Rxe7 17. Qxc4 c5 18. Bxg6 hxg6 19. Bh4 Qe8 20. Bxe7 Qxe7 21.
Rae1 Qg5 22. Rf3 Qd2 23. Rh3+ 1-0

[Event "AUTO-INT-3068"]
[Site "http://www.queenalice.com/game.php?id=1390818"]
[Date "2015.10.25"]
[Round "1"]
[White "juliobraga"]
[Black "Ruckus"]
[Result "1-0"]
[WhiteElo "1854"]
[BlackElo "1539"]

1. e4 c5 2. Nf3 Nc6 3. d4 b6 4. dxc5 bxc5 5. Bc4 e6 6. O-O Be7 7. Nc3 a6 8. Be3
Qc7 9. Na4 d6 10. c3 Nf6 11. Nd2 O-O 12. b3 d5 13. exd5 exd5 14. Bxc5 dxc4 15.
Bxe7 Nxe7 16. Nxc4 Rd8 17. Qf3 Be6 18. Ncb6 Rab8 19. c4 Rxb6 20. Nxb6 Qxb6 21.
h3 h5 22. Rad1 Rxd1 23. Rxd1 Qa5 24. a4 Qb4 25. Rd8+ Kh7 26. Qd3+ Bf5 27. Qe3
Bc2 28. g4 hxg4 29. hxg4 Ng6 30. Qh3+ Nh5 31. Qxh5# 1-0

[Event "AUTO-INT-3068"]
[Site "http://www.queenalice.com/game.php?id=1390819"]
[Date "2015.10.25"]
[Round "1"]
[White "Ruckus"]
[Black "juliobraga"]
[Result "0-1"]
[WhiteElo "1536"]
[BlackElo "1873"]

1. d4 d5 2. Nc3 Nf6 3. Nf3 Bg4 4. e3 Ne4 5. Qe2 Nxc3 6. bxc3 e6 7. c4 dxc4 8. h3
Bxf3 9. Qxf3 Qd5 10. Be2 Qxf3 11. Bxf3 c6 12. O-O Nd7 13. Rb1 Rb8 14. e4 b5 15.
Be3 Ba3 16. Rfe1 O-O 17. d5 cxd5 18. exd5 exd5 19. Bxa7 Rb7 20. Bd4 Bc5 21. Bc3
Nf6 22. Bxf6 gxf6 23. Bxd5 Rb6 24. Re4 Kg7 25. Rbe1 Rd8 26. Rg4+ Kf8 27. Be4 Rd2
28. Bxh7 Bxf2+ 29. Kf1 Bxe1 30. Kxe1 c3 31. h4 Re6+ 32. Kf1 Rd1+ 33. Kf2 Ra1 34.
h5 Rxa2 35. Kg3 Rd6 36. h6 f5 37. Bxf5 Rxh6 0-1

[Event "AUTO-INT-3068"]
[Site "http://www.queenalice.com/game.php?id=1390842"]
[Date "2015.10.25"]
[Round "1"]
[White "Ruckus"]
[Black "salvachess"]
[Result "1-0"]
[WhiteElo "1488"]
[BlackElo "1595"]

1. e4 e5 2. Nf3 Nf6 3. Bc4 Nxe4 4. Bxf7+ Kxf7 5. Nxe5+ Ke6 6. Nd3 d5 7. Nf4+ Ke7
8. O-O Nf6 9. d3 Kf7 10. Re1 g6 11. Nd2 Bd6 12. g3 Bxf4 13. gxf4 Bg4 14. Nf3
Bxf3 15. Qxf3 h5 16. h3 c6 17. b3 Re8 18. Bb2 Rxe1+ 19. Rxe1 Nbd7 20. f5 Qa5 21.
fxg6+ Kxg6 22. Re7 Qd8 23. Bxf6 Nxf6 24. Qg3+ Kh6 25. Qg7# 1-0

[Event "AUTO-INT-3068"]
[Site "http://www.queenalice.com/game.php?id=1390843"]
[Date "2015.10.25"]
[Round "1"]
[White "salvachess"]
[Black "Ruckus"]
[Result "0-1"]
[WhiteElo "1576"]
[BlackElo "1508"]

1. e4 c5 2. Nf3 d6 3. Bb5+ Nd7 4. Bxd7+ Bxd7 5. Nc3 e6 6. O-O Nf6 7. d3 Be7 8.
Bg5 O-O 9. Bxf6 Bxf6 10. Qd2 Qb6 11. b3 Qa5 12. d4 d5 13. exd5 cxd4 14. Nxd4
exd5 15. a3 Rac8 16. b4 Qb6 17. Nxd5 Qxd4 18. Qxd4 Bxd4 19. Rad1 Bb5 20. Rfe1
Bf6 21. Rc1 Bg5 22. f4 Bc4 23. Ne7+ Bxe7 24. Rxe7 Bd5 25. Rd7 Bc6 26. Rd4 a6 27.
c4 Rce8 28. b5 axb5 29. cxb5 Bxb5 30. a4 Bxa4 31. Rxa4 Rb8 32. g4 f5 33. h3 Rfc8
34. Rxc8+ Rxc8 35. gxf5 Kf7 36. Rb4 Rc7 37. Kf2 Ke7 38. Kg3 Kd6 39. Kg4 Kc5 40.
Rb1 b5 41. Rc1+ Kd6 42. Rxc7 Kxc7 43. Kf3 Kc6 44. Ke3 Kd5 45. Kd3 b4 46. f6 gxf6
47. h4 b3 48. Kc3 Ke4 49. Kxb3 Kxf4 0-1